NOVEL SAHITHYAM (Record no. 17518)

MARC details
000 -LEADER
fixed length control field 00314nam a2200121Ia 4500
005 - DATE AND TIME OF LATEST TRANSACTION
control field 20250409181344.0
008 - FIXED-LENGTH DATA ELEMENTS--GENERAL INFORMATION
fixed length control field 250409s9999||||xx |||||||||||||| ||und||
100 ## - MAIN ENTRY--PERSONAL NAME
Personal name PAUL , M P
245 #0 - TITLE STATEMENT
Title NOVEL SAHITHYAM
260 ## - PUBLICATION, DISTRIBUTION, ETC.
Name of publisher, distributor, etc. NATIONAL BOOK STALL,
Place of publication, distribution, etc. KOTTAYAM:
650 ## - SUBJECT ADDED ENTRY--TOPICAL TERM
Form subdivision Malayalam Miscellaneous Writings
942 ## - ADDED ENTRY ELEMENTS (KOHA)
Koha item type BOOK
Holdings
Withdrawn status Lost status Damaged status Not for loan Collection Home library Current library Shelving location Date acquired Total checkouts Full call number Barcode Date last seen Price effective from Koha item type
        Malayalam Miscellaneous Writings St.Dominics College Library St.Dominics College Library Malayalam Literature 04/09/2025   8M 09 PAU 2669 04/09/2025 04/09/2025 BOOK